000 01437nam a2200361 i 4500
003 EG-ScBUE
005 20250306102713.0
008 080918t2008 njua f b 001 0 eng d
020 _a9780132424356
020 _a0132424355
040 _aEG-ScBUE
_beng
_erda
_cEG-ScBUE
_dEG-ScBUE
082 0 4 _a515
_bHAE
_222
100 1 _aHaeussler, Ernest F.,
_eauthor.
_920837
245 1 0 _aIntroductory mathematical analysis :
_bfor business, economics, and the life and social sciences /
_cErnest F. Haeussler, The Pennsylvania State University, Richard S. Paul, The Pennsylvania State University and Richard J. Wood, Dalhousie University.
250 _aTwelfth edition.
250 _aPearson international edition.
264 1 _aUpper Saddle River, NJ :
_bPearson Prentice Hall,
_c[2008]
264 4 _cc2008
300 _a1 volume (various pagings) :
_billustrations (some color) ;
_c27 cm
336 _2rdacontent
_atext
_btxt
337 _aunmediated
_2rdamedia
_bn
338 _avolume
_bnc
_2rdacarrier
504 _aIncludes bibliographical references and index.
650 7 _aMathematical analysis.
_2BUEsh
_920838
650 7 _aEconomics, Mathematical.
_2BUEsh
_920839
650 7 _aBusiness mathematics.
_2BUEsh
_920840
651 _2BUEsh
653 _bBUSADM
_bBUSECO
_cDecember2017
655 _vReading book
700 1 _aPaul, Richard S.,
_eauthor.
_920841
700 1 _aWood, R. J.,
_eauthor.
_920842
942 _2ddc
_cBB
999 _c5127
_d5127